Statistics for WCW World Television Champions

Click here to take the quiz!

General Stats

  • This quiz has been taken 147 times
  • The average score is 17 of 28

Answer Stats

Title Reigns (in WCW only)Last WonChampion% Correct
11999Scott Hall
87%
61999Booker T
83%
31999Chris Benoit
82%
21999Rick Steiner
79%
21998Scott Steiner
79%
11998Chris Jericho
78%
21992Steve Austin
78%
21995Arn Anderson
74%
11995Diamond Dallas Page
74%
21996Lex Luger
73%
11997Perry Saturn
72%
11998Konnan
70%
21997Disco Inferno
66%
12000Hacksaw Jim Duggan
64%
11998Stevie Ray
63%
11997Alex Wright
62%
21993Ricky Steamboat
62%
41997Lord Steven Regal
60%
31996Johnny B. Badd
45%
11992Barry Windham
38%
11991Bobby Eaton
38%
11998Fit Finlay
38%
21997Ultimo Dragon
38%
11998Rick Martel
36%
11995The Renegade
36%
11993Paul Orndorff
28%
11997Prince Iaukea
27%
11994Larry Zbyszko
25%

Score Distribution

Percentile by Number Answered

Percent of People with Each Score

Your Score History

You have not taken this quiz